00428 2200145 4500001002100000008004100021035002000062245002100082100001700103260003100120300001800151082001000169650009000179990001300269INLIS000000000000969 ind  a0010-0423000969 aSYEKH SITI JENAR aMB.RAHIMSYAH aSURABAYAbSERBA JAYAc2009 a144 hlm.ccm. a398.2 aFOLK LITERATURE, FAIRY TALES, MYTH, MYTHOLOGY/CERITA RAKYAT, DONGENG, MITOS, MITOLOGI a102412-1